Capital Cities: After 'B' Quiz Stats

 Plays Quiz Updated Jun 11, 2019

Support Sporcle.
Go Orange.
Score 0/8 Timer 04:00
4 Plays Today
Letter Combination Name of Capital City % Correct
BEBeijing
93.8%
BRBrussels
89.6%
BABaghdad
82.6%
BUBuenos Aires
77.8%
BOLisbon
73.6%
BINairobi
68.4%
BLDublin
52.9%
BYPort Moresby
28.3%

From the Vault

Actors & Actresses by Movie: 'I', 'U' and 'Z'

by kfastic

Movies 5m
None of these letters really go well together, but we'll Z.
Remove Ads.
Support Sporcle.
Get the best of Sporcle when you Go Orange. This ad-free experience offers more features, more stats, and more fun while also helping to support Sporcle. Thank you for becoming a member.

Show Comments

Extras

Top Quizzes Today


Score Distribution

Your Account Isn't Verified!

In order to create a playlist on Sporcle, you need to verify the email address you used during registration. Go to your Sporcle Settings to finish the process.

Report this User

Report this user for behavior that violates our Community Guidelines.

Details: